Words that Contain "uzz" - Statistics

General Stats
  • This quiz has been taken 134 times
  • The average score is 4 of 9
Answer Stats
Answer % Correct
Buzz
96%
Fuzz
84%
Muzzle
61%
Puzzle
54%
Guzzle
50%
Nuzzle
44%
Buzzard
14%
Huzzah
7%
Muzzy
7%
No matching quizzes found
Score Distribution
Percent of People with Each Score
Percentile by Number Answered
Your Score History
You have not taken this quiz